| 000 | 00445nam a2200145 4500 | ||
|---|---|---|---|
| 999 |
_c9522 _d9522 |
||
| 003 | OSt | ||
| 005 | 20210701145815.0 | ||
| 008 | 210701b ||||| |||| 00| 0 eng d | ||
| 020 | _a9780486451558 | ||
| 082 |
_a623.81 _bCHA |
||
| 100 |
_aChapman, F. H. af (Fredrik Henrik), _d1721-1808 |
||
| 245 | _aArchitectura navalis mercatoria : the classic of eighteenth-century naval architecture | ||
| 260 |
_aNew York _bDover publication _c2006 |
||
| 942 | _2ddc | ||